| 000 | 00635nam a2200205 a 4500 | ||
|---|---|---|---|
| 005 | 20240806063800.0 | ||
| 008 | 060502s1997 ag r 000 0 spa d | ||
| 020 | _a9500362384 | ||
| 035 | _aUPN01000144113 | ||
| 049 | _aCG | ||
| 050 | 4 |
_aPQ7797 B6.35 _bC7.6 |
|
| 100 | 1 |
_aBorges, Jorge Luis, _d1899-1986 |
|
| 245 | 1 | 0 |
_aCrónicas de Bustos Domecq / _cJorge Luis Borges, Adolfo Bioy Casares. |
| 260 |
_aBuenos Aires : _bLosada, _c1997. |
||
| 300 | _a112 p. | ||
| 440 | 0 | _aBiblioteca clásica y contemporánea | |
| 650 | 4 |
_aCuentos argentinos _912203 |
|
| 700 | 1 |
_aBioy Casares, Adolfo, _d1914-1999 _ecoaut. _932579 |
|
| 905 | _aLibro | ||
| 999 |
_c116260 _d116260 |
||